000 00211nam a22000977a 4500
082 _a425
245 _a108 MODEL LETTERS
246 _a108 MODEL LETTERS
_b108 MODEL LETTERS
650 _aENGLISH GRAMMAR
942 _cBK
999 _c8865
_d8865